86 mùa xuân vững bước dưới cờ Đảng quang vinh Bài 5
Zapisane w:
| 1. autor: | |
|---|---|
| Format: | Książka |
| Język: | Undetermined |
| Hasła przedmiotowe: | |
| Dostęp online: | http://lrc.tdmu.edu.vn/opac/search/detail.asp?aID=2&ID=26049 |
| Etykiety: |
Dodaj etykietę
Nie ma etykietki, Dołącz pierwszą etykiete!
|
| Thư viện lưu trữ: | Trung tâm Học liệu Trường Đại học Thủ Dầu Một |
|---|
| LEADER | 00631nam a2200169Ia 4500 | ||
|---|---|---|---|
| 001 | TDMU_26049 | ||
| 008 | 210410s9999 xx 000 0 und d | ||
| 082 | |a 959.704 | ||
| 100 | |a PV | ||
| 245 | 0 | |a 86 mùa xuân vững bước dưới cờ Đảng quang vinh | |
| 245 | 0 | |c PV | |
| 245 | 0 | |n Bài 5 | |
| 245 | 0 | |p Những thành tựu vĩ đại | |
| 300 | |a 4tr | ||
| 650 | |a Đảng cộng sản Việt Nam; Chủ nghĩa xã hội; Thành tựu; Lịch sử | ||
| 856 | |u http://lrc.tdmu.edu.vn/opac/search/detail.asp?aID=2&ID=26049 | ||
| 980 | |a Trung tâm Học liệu Trường Đại học Thủ Dầu Một | ||